|
|
|
|
| LEADER |
00000cam a22000004a 4500 |
| 001 |
musev2_3033 |
| 003 |
MdBmJHUP |
| 005 |
20230905040404.0 |
| 006 |
m o d |
| 007 |
cr||||||||nn|n |
| 008 |
031030s2004 txu o 00 0 eng d |
| 010 |
|
|
|z 2003023946
|
| 020 |
|
|
|a 9780292798465
|
| 020 |
|
|
|z 0292701616
|
| 020 |
|
|
|z 0292798466
|
| 020 |
|
|
|z 9780292701618
|
| 035 |
|
|
|a (OCoLC)646760676
|
| 040 |
|
|
|a MdBmJHUP
|c MdBmJHUP
|
| 043 |
|
|
|a n-mx---
|
| 050 |
0 |
4 |
|a HT653.M6
|b N877 2004
|
| 082 |
0 |
|
|a 305.5/2/09720904
|2 22
|
| 100 |
1 |
|
|a Nutini, Hugo G.
|
| 245 |
1 |
4 |
|a The Mexican Aristocracy :
|b An Expressive Ethnography, 1910-2000 /
|c Hugo G. Nutini.
|
| 250 |
|
|
|a 1st ed.
|
| 264 |
|
1 |
|a Austin :
|b University of Texas Press,
|c 2004.
|
| 264 |
|
3 |
|a Baltimore, Md. :
|b Project MUSE,
|c 2012
|
| 264 |
|
4 |
|c ©2004.
|
| 300 |
|
|
|a 1 online resource (398 pages).
|
| 336 |
|
|
|a text
|b txt
|2 rdacontent
|
| 337 |
|
|
|a computer
|b c
|2 rdamedia
|
| 338 |
|
|
|a online resource
|b cr
|2 rdacarrier
|
| 504 |
|
|
|a Includes bibliographical references (p. 357-366) and index.
|
| 588 |
|
|
|a Description based on print version record.
|
| 650 |
|
0 |
|a Aristocracy (Social class)
|z Mexico
|x History
|y 20th century.
|
| 655 |
|
7 |
|a Electronic books.
|2 local
|
| 710 |
2 |
|
|a Project Muse.
|e distributor
|
| 830 |
|
0 |
|a Book collections on Project MUSE.
|
| 856 |
4 |
0 |
|z Texto completo
|u https://projectmuse.uam.elogim.com/book/3033/
|
| 945 |
|
|
|a Project MUSE - Custom Collection
|
| 945 |
|
|
|a Project MUSE - Archive Complete Foundation
|
| 945 |
|
|
|a Project MUSE - Archive Global Cultural Studies Foundation
|
| 945 |
|
|
|a Project MUSE - Archive Latin American and Caribbean Studies Foundation
|